Como preparar las clases (Record no. 64418)

MARC details
000 -CABECERA
campo de control de longitud fija 00569nam a2200217 a 4500
005 - FECHA Y HORA DE LA ÚLTIMA TRANSACCIÓN
campo de control 20210219152939.0
008 - ELEMENTOS DE LONGITUD FIJA--INFORMACIÓN GENERAL
campo de control de longitud fija 991125n 000 0 u
035 ## - NÚMERO DE CONTROL DEL SISTEMA
Número de control de sistema UPN01000068211
100 ## - ASIENTO PRINCIPAL--NOMBRE PERSONAL
Nombre de persona SANTANA HENRIQUEZ, Mirta
222 ## - TÍTULO CLAVE
Título clave EDUCACION
245 ## - MENCIÓN DE TÍTULO
Título Como preparar las clases
260 ## - PUBLICACIÓN, DISTRIBUCIÓN, ETC.
Lugar de publicación, distribución, etc. Cuba
300 ## - DESCRIPCIÓN FÍSICA
Extensión 55-66
362 ## - FECHAS DE PUBLICACIÓN Y/O DESIGNACIÓN SECUENCIAL
Fecha de publicación y/o designación secuencial 1975 Año 5, no. 19, oct.-dic.
653 0# - TERMINO DE INDIZACION - NO CONTROLADO
Término no controlado CLASE ESCOLAR
653 0# - TERMINO DE INDIZACION - NO CONTROLADO
Término no controlado EDUCACION SOCIALISTA
653 0# - TERMINO DE INDIZACION - NO CONTROLADO
Término no controlado PROCESO ENSEÑANZA-APRENDIZAJE
653 0# - TERMINO DE INDIZACION - NO CONTROLADO
Término no controlado PSICOLOGIA EDUCATIVA
904 ## - ELEMENTOS DE DATOS D LOCAL, LDD (RLIN)
a AC
b 006022
905 ## - TIPO DE MATERIAL
Tipo de material Articulo

No items available.